000 01033nam0a2200289 4500
001 RU\NLR\bibl\1931808
005 20250616202442.0
010 _a978-5-9684-1961-3
_91700
021 _aRU
_b2012-51296
_93751
035 _a(NLR Aleph) 001921158
090 _a3308215
_c3308215
100 _a20120803d2012 |||y0rusy50 ca
101 0 _arus
102 _aRU
105 _aa |||||||||
200 1 _aСкорочтение
_eсо 120 слов в минуту до 2000
_e39 приемов
_eпровеьте и поверьте!
_fНаталья Грэйс
210 _aСанкт-Петербург
_cВектор
_d2012
215 _a253, [6] с.
_cил.
_d21
606 1 _aСкорочтение
_xОбучение
_92309448
_3RU\NLR\AUTH\6601608037
686 _aЧ441.692.672
700 1 _4070
_aГрэйс
_bН. Е.
_f1974-
_gНаталья Евгеньевна
_9152577
_3RU\NLR\AUTH\770152615
801 0 _aRU
_bNLR
_c20120803
_gRCR
801 1 _aRU
_bNLR
_c20120803
942 _cBOOK
980 _aNB